| 000 -LEADER | |
|---|---|
| fixed length control field | 00341nam a22001337a 4500 |
| 005 - DATE AND TIME OF LATEST TRANSACTION | |
| control field | 20240930154810.0 |
| 008 - FIXED-LENGTH DATA ELEMENTS--GENERAL INFORMATION | |
| fixed length control field | 240930b |||||||| |||| 00| 0 eng d |
| 041 ## - LANGUAGE CODE | |
| Language code of text/sound track or separate title | eng |
| 100 ## - MAIN ENTRY--AUTHOR NAME | |
| Personal name | MANUPATRA |
| 245 ## - TITLE STATEMENT | |
| Title | NEW CRIMINAL LAWS REFERENCER |
| 260 ## - PUBLICATION, DISTRIBUTION, ETC. (IMPRINT) | |
| Place of publication | NEW DELHI |
| Name of publisher | MANUPATRA INFORMATION SOLUTIONS PVT.LTD |
| 300 ## - PHYSICAL DESCRIPTION | |
| Number of Pages | B-39;P |
| 942 ## - ADDED ENTRY ELEMENTS (KOHA) | |
| Koha item type | Books |
| Lost status | Damaged status | Home library | Current library | Date acquired | Source of acquisition | Accession Number | Koha item type |
|---|---|---|---|---|---|---|---|
| JRU Library | JRU Library | 30/09/2024 | DONATION | 0047/D | Books | ||
| JRU Library | JRU Library | 30/09/2024 | DONATION | 0048/D | Books |